| 000 | 00514pab a2200157 454500 | ||
|---|---|---|---|
| 008 | 180718b2002 xxu||||| |||| 00| 0 eng d | ||
| 100 | _aRupananda, Widanage | ||
| 245 | _aStructural adjustment programmes and the rural agricultural economy: the case study of Monaragala district of Sri Lanka | ||
| 260 | _c2002 | ||
| 300 | _ap.119-37. | ||
| 650 | _aAgricultural economics - Sri Lanka | ||
| 650 | _aAgricultural economics | ||
| 700 | _aMensah, Joseph | ||
| 773 | _aRegional Development Studies | ||
| 909 | _a56847 | ||
| 999 |
_c56847 _d56847 |
||